000 00917ngm a2200325 a 4500
003 BLK
005 20240530111112.0
007 m| caa|akaadaaaac
008 180410b bul||n||s|||||||| n|bulo|
010 _aCDD00003200000
040 _aBLK
041 _aBUL
_cBUL
080 _aКомедии
_b791.221.2
_z791.221.2
139 _aАло, ало! [видео DVD]
_bА 46
245 1 0 _aАло, ало! [видео DVD]
_bЕпизод 9 - 10
257 _aBGR
260 _bМултивижън
_c2008
300 _a62 мин.
_bцв.
_c12 см
380 _a7
490 _aЛюбими комедийни филми
_v5
590 _aS.N: 84904 от КНИГИ
852 _aЦб CD 4916
_p0
856 4 _qpdf
_u
856 4 _qpdf
_u
942 _cCDD
_n0
_s1
944 _aCR
_c19.08.2008
_k30570
_lМоника Янева
944 _aED
_c19.08.2008
999 _c220730
_d220730
999 _d220730
999 _d220730